000 00619nam a2200217 a 4500
001 56642
003 BD-RjUL
005 20211209080422.0
008 161203s1971 enk||||| |||| 001 0 eng d
035 _a(BD-RjUL)56766
040 _aBD-RjUL
_beng
_cBD-RjUL
_dBD-RjUL
041 _aeng
082 _223
_a109
_bSTP 1971
100 _aStumpf, Samuel Enoch
_9168485
245 1 0 _aPhilosophy :
_bhistory and problems /
_cSamuel Enoch Stumpf
260 _aNew York :
_bMcGraw-Hill,
_c©1971.
300 _aviii, 368 p. ;
_c24 cm.
500 _aInclude index
650 _aPhilosophy -- History.
_9168486
942 _2ddc
_cBK
999 _c56642
_d56642